| 000 | 01320cam a22003015a 4500 | ||
|---|---|---|---|
| 999 |
_c25672 _d25644 |
||
| 005 | 20190526095815.0 | ||
| 008 | 051013t2006 gw a frb 001 0 eng d | ||
| 020 | _a3527312838 | ||
| 020 | _a9783527312832 | ||
| 040 |
_aNLM _beng _cNLM _dUKM _dBAKER _dOHX _dIUL _dYDXCP _dBTCTA _dLVB _dNLGGC _dDLC _dEG-ScBUE _dEG-ScBUE |
||
| 082 | 0 | 4 |
_a615.19 _bHIG _222 |
| 245 | 0 | 0 |
_aHigh-throughput screening in drug discovery / _cedited by Jorg Huser. |
| 260 |
_aWeinheim : _bWiley-VCH Verlag, _cc.2006. |
||
| 300 |
_axviii, 343 p. : _bill. (some col.) ; _c24 cm. |
||
| 490 | 0 |
_aMethods and principles in medicinal chemistry ; _v35 |
|
| 504 | _aIncludes bibliographical references and index. | ||
| 650 | 7 |
_aHigh throughput screening (Drug development). _2BUEsh |
|
| 650 | 7 |
_aDrug Design. _2BUEsh |
|
| 650 | 7 |
_aChemistry, Pharmaceutical _xmethods. _2BUEsh |
|
| 650 | 7 |
_aDrug Evaluation, Preclinical. _2BUEsh |
|
| 651 | _2BUEsh | ||
| 653 |
_bPPhrm _cNovember2017 |
||
| 700 | 1 |
_aHuser, Jorg, _teditor. |
|
| 856 | 4 | 1 |
_3Table of contents only _uhttp://www.loc.gov/catdir/enhancements/fy0740/2007462578-t.html |
| 856 | 4 | 2 |
_3Publisher description _uhttp://www.loc.gov/catdir/enhancements/fy0740/2007462578-d.html |
| 856 | 4 | 2 |
_3Contributor biographical information _uhttp://www.loc.gov/catdir/enhancements/fy0740/2007462578-b.html |
| 942 | _2ddc | ||